000 00368nam a2200133Ia 4500
008 240624s9999 xx 000 0 und d
041 _aeng
082 _a657 REE
100 _aREEVE JAMES M
245 _aPRINCIPLES OF FINANCIAL AND MANAGERIAL ACCOUNTING
260 _c2012
_aAustralia
_bCengage Learning
300 _axxxvi, : 1283 : p. : cm. ; 24
365 _cGBP
_b25
999 _c26726
_d26726